Collective Nouns! - Statistics

General Stats
  • This quiz has been taken 19 times
  • The average score is 6 of 10
Answer Stats
Hint Answer % Correct
Flamingoes Flamboyance
92%
Dolphin Pod
92%
Rhinoceroses Crash
85%
Parrots Pandemonium
69%
Hippopotami Bloat
62%
Fish Shoal
62%
Badgers Cete
38%
Chicks Clutch/Chattering
31%
Apes Shrewdness
31%
Foxes Skull
15%
No matching quizzes found
Score Distribution
Percent of People with Each Score
Percentile by Number Answered
Your Score History
You have not taken this quiz